000 00980cab a2200265 4500
001 ABS52083
008 090401t1994 xxu||||| |||| 00| 0 eng d
035 _a(Sirsi) u59401
041 _aeng
100 _aGhosh, C.
245 4 _aThe Olympia and York Crisis : effects on the financial performance of US and foreign banks
260 _c1994
350 _a0
490 _aJournal of Property Finance
_v5(2) 1994, 5-46(42)
520 _aExamines the effects on the financial performance of US and foreign banks of the filing for bankrupty protection in the US of Olympia and York Development Ltd, the world`s largest privately owned real estate developers.
650 _aDEVELOPERS
650 _aFINANCIAL PERFORMANCE
650 _aOLYMPIA AND YORK
650 _aPROPERTY COMPANIES
690 _aPROPERTY-COMMERCIAL PROPERTY-COMMERCIAL PROPERTY FINANCE AND INVESTMENT
700 _aGuttery, R.S.
700 _aSirmans, C. F.
942 _n0
948 _c04/03/1997
999 _c36448
_d36448